Normal view
MARC view
- الاسلام والمسيحية- الديانات المقارنة
Entry Topical Term
001 - CONTROL NUMBER
- control field: 56372
003 - CONTROL NUMBER IDENTIFIER
- control field: JO-AjAnu
005 - DATE AND TIME OF LATEST TRANSACTION
- control field: 20230606083234.0
008 - FIXED-LENGTH DATA ELEMENTS
- fixed length control field: 230606|| aca||aabn | a|a d
040 ## - CATALOGING SOURCE
- Original cataloging agency: JO-AjAnu
- Transcribing agency: JO-AjAnu
150 ## - HEADING--TOPICAL TERM
- Topical term or geographic name entry element: الاسلام والمسيحية- الديانات المقارنة
670 ## - SOURCE DATA FOUND
- Source citation: Work cat.: (JO-AjAnu)28766: القاضلي، محمد سليم ؛ مراجعة وتحقيق وتبويب: نبيل حامد خضر, author 56371, النصرانية في ميزان العقل والإسلام